Countries that Border Countries that Start with B - Statistics

General Stats
  • This quiz has been taken 16 times
  • The average score is 43 of 48
Answer Stats
Answer % Correct
China
100%
France
100%
Germany
100%
India
100%
Luxembourg
100%
Malaysia
100%
Netherlands
100%
Niger
100%
Nigeria
100%
Paraguay
100%
Peru
100%
Romania
100%
South Africa
100%
Togo
100%
Zimbabwe
100%
Argentina
93%
Chile
93%
Ghana
93%
Greece
93%
Guatemala
93%
Ivory Coast
93%
Mali
93%
Mexico
93%
Namibia
93%
Serbia
93%
Tanzania
93%
Turkey
93%
Uruguay
93%
Zambia
93%
Bolivia
86%
Croatia
86%
Democratic Republic of the Congo
86%
Guyana
86%
Montenegro
86%
North Macedonia
86%
Poland
86%
Russia
86%
Suriname
86%
Ukraine
86%
Venezuela
86%
Brazil
79%
Colombia
79%
Benin
71%
Latvia
71%
Lithuania
71%
Myanmar
71%
Rwanda
71%
Burkina Faso
57%
No matching quizzes found
Score Distribution
Percent of People with Each Score
Percentile by Number Answered
Your Score History
You have not taken this quiz